00922nam a2200253 a 450000100060000000300080000600500170001400800410003103500230007203500140009503500170010904000370012604100080016308200210017110000400019224501090023226000430034130000340038450400500041865000330046894200120050199900170051395201380053045258BD-RjUL20211209054004.0160725s1949 paua b 001 0 eng  a(OCoLC)ocm01236684 a(BD-RjUL) a(NNC)2193906 aDLCcITDdSLUdZCUdBD-RjULbeng aeng a338.52bMAB 19491 aMachlup, Fritz,d1902-1983.913863614aThe basing-point system :ban economic analysis of a controversial pricing practice /cby Fritz Machlup. aPhiladelphia :bBlakiston Co.,cc1949. avii, 275 p. :bill. ;c24 cm. aIncludes bibliographical footnotes and index. 0aBasing-point system.9138637 2ddccBK c45258d45258 00102ddc40708NFICaRUCLbRUCLcStackd1956-11-03eBlackwell g18.60l0o338.52 MAB 1949r2016-07-25 00:00:00tC-2w2016-07-25yBK